Kraje związkowe Niemiec - Statystyki

Ogólne statystyki
  • Ten quiz został rozwiązany 288 razy
  • Średni wynik to 7 z 16
Statystyki odpowiedzi
Hint Odpowiedź % Poprawnych
2 Bawaria
90%
13 Saksonia
77%
3 Berlin
71%
4 Brandenburgia
58%
7 Hamburg
54%
5 Brema
47%
8 Hesja
42%
6 Dolna Saksonia
40%
15 Szlezwik-Holsztyn
37%
16 Turyngia
35%
12 Saara
34%
14 Saksonia-Anhalt
34%
10 Nadrenia Północna-Westfalia
30%
9 Meklemburgia-Pomorze Przednie
25%
1 Badenia-Wirtembergia
23%
11 Nadrenia-Palatyna
20%
Nie znaleziono quizów pasujących do podanych kryteriów
Rozkład punktacji
Procent ludzi z każdym wynikiem
Percentyl według liczby udzielonych odpowiedzi
Twoja historia wyników
Nie rozwiązałeś tego quizu